00416nam a2200145 a 450000100100000000500170001000800410002702000150006804000250008310000440010824500480015225000120020026000370021230000210024900003865220240305135410.0130417s1979 sp 000 0 spa d a8401441064 aDO-SdBNPbspacBNPHU1 aGarcía Márquez, Gabriel,b1928-201413aLa hojarasca /cGabriel García Márquez. a7a. ed. aBarcelona :bPlaza Janes,c1979. a140 p. ;c19 cm.